=LDR 00000nam 2200000 4500 =001 NUTBA000000000000088 =990 ##$$a 91813/BPAP-NTB/2014 =005 20140318102932.0 =990 ##$$a 0349/PN/2014 =006 =990 ##$$a 0499/PN/2014 =007 =990 ##$$a 90303/BPAP-NTB/2014 =008 =990 ##$$a 91364/BPAP-NTB/2014 =020 ##$$a 979-421-051-x =035 ##$$0010-031400000000087 =090 ##$$b 370.154 =100 ##$$a Sardiman, A.M =245 ##$$a INTERAKSI DAN MOTIVASI $b BELAJAR MENGAJAR =250 ##$$a CET.21 =260 ##$$a JAKARTA $b RAJA GRAFIDO PERSADA $c 2012 =300 ##$$a IX,236 HLM $c 21 CM =850 ##$$a NBPN MAT =990 ##$$a 0346/PN/2014 =990 ##$$a 0349/PN/2014 =990 ##$$a 0499/PN/2014 =990 ##$$a 91364/BPAP-NTB/2014 =990 ##$$a 91813/BPAP-NTB/2014 =990 ##$$a 92127/BPAP-NTB/2014 =990 ##$$a 0001/BPAP-NTB/2015